| 000 | 00580nam a2200193Ia 4500 | ||
|---|---|---|---|
| 003 | GCL | ||
| 008 | 140319s9999 xx 000 0 ara d | ||
| 040 |
_aGCL / _cGCL |
||
| 082 | 0 | 4 |
_a814 _bج ف |
| 100 | 1 | _aجبرا ابراهيم جبرا | |
| 245 | 1 | 0 |
_aالفن والحلم والفعل / _cجبرا ابراهيم جبرا |
| 260 |
_a[S.N] : _bالمؤسسة العربية للدراسات والنشر ، _c1988 |
||
| 300 | _a502 ص | ||
| 490 | _a | ||
| 650 | 0 | 4 | _aالادب العربى |
| 650 | 0 | 4 | _aالمقالات |
| 650 | 0 | 4 | _aالتأليف |
| 942 |
_2ddc _cBK |
||
| 999 |
_c58557 _d58557 |
||